Statistics for Most developed NATO members

Click here to take the quiz!

General Stats

  • This quiz has been taken 72 times
  • The average score is 13 of 15

Answer Stats

HintAnswer% Correct
9United kingdom
98%
10United States
98%
12France
95%
5Germany
93%
11Italy
93%
7Netherlands
93%
8Belgium
92%
3Norway
92%
4Denmark
90%
14Spain
89%
6Canada
87%
2Iceland
87%
1Luxembourg
84%
13Czech republic
72%
15Slovenia
62%

Score Distribution

Percentile by Number Answered

Percent of People with Each Score

Your Score History

You have not taken this quiz